| 000 | 01328nam a22001697a 4500 | ||
|---|---|---|---|
| 008 | 190902b xxu||||| |||| 00| 0 eng d | ||
| 020 | _a9788122427479 | ||
| 050 | _aTD193.K52(2e) | ||
| 100 | _aKhopkar, S. M. | ||
| 245 |
_aEnvironmental pollution analysis. / _cS. M. Khophar. |
||
| 250 | _a2nd ed. | ||
| 260 |
_aNew Dehli : _bNew Age International (P) Limited, Publishers, _c2011. |
||
| 300 |
_axxi, 308 p. : _bill. ; _c24 cm. |
||
| 500 | _aIncludes index. | ||
| 505 | _aContents: Introduction to environmental pollution -- Modern methods of pollution analysis -- Toxic pollutants and their analysis -- Sampling and analysis of air pollutants -- Introduction to air pollution -- Analysis of major pollutants -- Analysis of air pollutants -- Air pollution monitoring -- Introduction to water pollution -- Water pollution analysis -- Water treatment -- Metal pollutants analysis - specific methods -- Metal pollutants analysis by instrumental methods -- Analysis of organic compounds in water from its bulk properties -- Analysis of specific organic compounds in water -- Microbiological examination of the water -- Analysis of industrial effluents -- Domestic effluents and their analysis -- Land pollution, pesticides and their analysis -- Noise pollution and its measurement -- Odour and its measurement. | ||
| 942 |
_2lcc _cBK |
||
| 999 |
_c6932 _d14432 |
||